ბათუმის შოთა რუსთაველის სახელმწიფო უნივერსიტეტის ბიბლიოთეკა

მეგობრობის ძალა (ბიბ.ჩანაწერი № 43058)

000 -LEADER
fixed length control field 00676nam a2200229Ia 4500
001 - CONTROL NUMBER
control field 9778
003 - CONTROL NUMBER IDENTIFIER
control field GE_BSU
008 - FIXED-LENGTH DATA ELEMENTS--GENERAL INFORMATION
fixed length control field 181216s||||||||xx |||||||||||||| ||und||
040 ## - CATALOGING SOURCE
Transcribing agency GE_BSU
080 ## - UNIVERSAL DECIMAL CLASSIFICATION NUMBER
Universal Decimal Classification number 82-93:821.353.1-2
100 ## - MAIN ENTRY--PERSONAL NAME
Personal name ახვლედიანი,ვახტანგ
245 ## - TITLE STATEMENT
Title მეგობრობის ძალა
245 ## - TITLE STATEMENT
Remainder of title პიესა–ზღაპარი
260 ## - PUBLICATION, DISTRIBUTION, ETC.
Place of publication, distribution, etc. ბათუმი
260 ## - PUBLICATION, DISTRIBUTION, ETC.
Name of publisher, distributor, etc. ალიონი
260 ## - PUBLICATION, DISTRIBUTION, ETC.
Date of publication, distribution, etc. 1999
300 ## - PHYSICAL DESCRIPTION
Extent 24გვ.ილ.29სმ.
653 ## - INDEX TERM--UNCONTROLLED
Uncontrolled term მეგობრობის ძალა
653 ## - INDEX TERM--UNCONTROLLED
Uncontrolled term პიესა–ზღაპარი
942 ## - ADDED ENTRY ELEMENTS (KOHA)
Koha item type წიგნი
ეგზემპლარები
Withdrawn status Lost status Damaged status Not for loan Date acquired Barcode Date last seen Price effective from Koha item type
        2018-12-17 32911 2018-12-17 2018-12-17 წიგნი